|
|
|
|
| LEADER |
01573nam a2200385 a 4500 |
| 001 |
28758 |
| 003 |
BD-DhAAL |
| 005 |
20150113113704.0 |
| 008 |
150113r20122006ii a b 000 0 eng |
| 010 |
|
|
|a 2006448765
|
| 020 |
|
|
|a 9788170286547
|
| 020 |
|
|
|a 9788170288794
|
| 020 |
|
|
|a 8170286549
|
| 025 |
|
|
|a I-E-2006-448765; 63-90
|
| 035 |
|
|
|a (IN-NdUBS)UBS06003176
|
| 037 |
|
|
|b Library of Congress -- New Delhi Overseas Office
|c Rs350.00
|
| 040 |
|
|
|a DLC
|c DLC
|d DLC
|d BD-DhAAL
|
| 042 |
|
|
|a lcode
|
| 043 |
|
|
|a a-ii---
|
| 050 |
0 |
0 |
|a DS481.A233
|b A5 2006
|
| 082 |
0 |
0 |
|a 954.05092
|
| 100 |
1 |
|
|a Abdul Kalam, A. P. J.
|q (Avul Pakir Jainulabdeen),
|d 1931-
|9 7351
|
| 245 |
1 |
0 |
|a Indomitable spirit /
|c A.P.J. Abdul Kalam.
|
| 260 |
|
|
|a New Delhi :
|b Rajpal & Sons,
|c c2006 [2012]
|
| 300 |
|
|
|a 254 p. :
|b ill. ;
|c 23 cm.
|
| 504 |
|
|
|a Includes bibliographical references (p. 246-254).
|
| 520 |
|
|
|a Collections of President Abdul Kalam's speeches and addresses on diverse topics.
|
| 541 |
|
|
|e 28758
|
| 600 |
1 |
0 |
|a Abdul Kalam, A. P. J.
|q (Avul Pakir Jainulabdeen),
|d 1931-
|9 7351
|
| 650 |
|
0 |
|a Presidents
|z India.
|9 7364
|
| 650 |
|
0 |
|a Speeches, addresses, etc.
|9 7365
|
| 942 |
|
|
|2 ddc
|c BK
|
| 999 |
|
|
|c 33470
|d 33470
|
| 952 |
|
|
|0 0
|1 0
|2 ddc
|4 0
|6 954_050920000000000_ABD
|7 0
|9 44734
|a BRACUL
|b BRACUL
|c GEN
|d 2015-01-13
|l 3
|m 30
|o 954.05092 ABD
|p 3010028758
|r 2026-02-05
|s 2025-10-30
|t 1
|w 2015-01-13
|y BK
|
| 952 |
|
|
|0 0
|1 4
|2 ddc
|4 0
|6 954_050920000000000_ABD
|7 0
|9 44735
|a BRACUL
|b BRACUL
|c GEN
|d 2015-01-13
|l 2
|m 5
|o 954.05092 ABD
|p 3010028759
|r 2015-08-09
|s 2015-08-04
|t 2
|w 2015-01-13
|y BK
|x Koha Inventory 2020
|